000
002330000a22000970004500
100
1
_a
Bradshaw, Bruce
245
1
0
_a
Fostering change to restore a culture
300
_a
Núm 57 (1998), Páginas 17-18
773
0
_t
Together
942
_c
ANA
999
_c
57134
_d
57134